00298nam a2200121Ia 4500008004100000020001800041041000800059082000800067100001800075245003800093260003600131300000900167230211s9999 xx 000 0 und d a81-8318-290-9 aeng a658 aSherlekar S A aPrincipals of Business Management bHimalaya Publishing Housec1985 a625p